Eveline Goodman-Thau/George Y. Kohler (Hg): Nationalismus und Religion
| Main Author: | |
|---|---|
| Format: | Electronic Review |
| Language: | German |
| Check availability: | HBZ Gateway |
| Interlibrary Loan: | Interlibrary Loan for the Fachinformationsdienste (Specialized Information Services in Germany) |
| Published: |
2020
|
| In: |
Medaon
Year: 2020, Volume: 14, Issue: 27, Pages: 1-4 |
| Further subjects: | B
Ethics
B Book review B Aktualisierung von Immanuel Kant B Hintergrund der Wilhelmische Ära B dominante Protestantismus die Existenzberechtigung des Judentums B moderne Gesellschaft B im Kaiserreich wirken B deutsch-jüdische Philosophen des Marburger Neukantianismu B Antisemitism B Hermann Cohen gewidmet B Philosophy |
| Online Access: |
Volltext (kostenfrei) Volltext (kostenfrei) |
MARC
| LEADER | 00000naa a22000002c 4500 | ||
|---|---|---|---|
| 001 | 1828158070 | ||
| 003 | DE-627 | ||
| 005 | 20221220172635.0 | ||
| 007 | cr uuu---uuuuu | ||
| 008 | 221220s2020 xx |||||oo 00| ||ger c | ||
| 024 | 7 | |a urn:urn:nbn:de:bsz:14-qucosa2-733794 |2 urn | |
| 035 | |a (DE-627)1828158070 | ||
| 035 | |a (DE-599)KXP1828158070 | ||
| 040 | |a DE-627 |b ger |c DE-627 |e rda | ||
| 041 | |a ger | ||
| 084 | |a 0 |2 ssgn | ||
| 100 | 1 | |e VerfasserIn |0 (DE-588)137025521 |0 (DE-627)589457314 |0 (DE-576)298533839 |4 aut |a Berek, Mathias |d 1975- | |
| 109 | |a Berek, Mathias 1975- | ||
| 245 | 1 | 0 | |a Eveline Goodman-Thau/George Y. Kohler (Hg): Nationalismus und Religion |
| 264 | 1 | |c 2020 | |
| 336 | |a Text |b txt |2 rdacontent | ||
| 337 | |a Computermedien |b c |2 rdamedia | ||
| 338 | |a Online-Ressource |b cr |2 rdacarrier | ||
| 601 | |a Nationalismus | ||
| 601 | |a Religion | ||
| 650 | 4 | |a Aktualisierung von Immanuel Kant | |
| 650 | 4 | |a Antisemitismus | |
| 650 | 4 | |a Ethik | |
| 650 | 4 | |a Hermann Cohen gewidmet | |
| 650 | 4 | |a Hintergrund der Wilhelmische Ära | |
| 650 | 4 | |a Philosophie | |
| 650 | 4 | |a Rezension | |
| 650 | 4 | |a deutsch-jüdische Philosophen des Marburger Neukantianismu | |
| 650 | 4 | |a dominante Protestantismus die Existenzberechtigung des Judentums | |
| 650 | 4 | |a im Kaiserreich wirken | |
| 650 | 4 | |a moderne Gesellschaft | |
| 655 | 7 | |a Rezension |0 (DE-588)4049712-4 |0 (DE-627)106186019 |0 (DE-576)209083166 |2 gnd-content | |
| 773 | 0 | 8 | |i Enthalten in |t Medaon |d Dresden : HATiKVA, 2007 |g 14(2020), 27, Seite 1-4 |h Online-Ressource |w (DE-627)559842465 |w (DE-600)2414887-8 |w (DE-576)281382581 |7 nnas |
| 773 | 1 | 8 | |g volume:14 |g year:2020 |g number:27 |g pages:1-4 |
| 856 | 4 | 0 | |u http://nbn-resolving.de/urn:urn:nbn:de:bsz:14-qucosa2-733794 |x Resolving-System |z kostenfrei |3 Volltext |7 0 |
| 856 | 4 | 0 | |u https://nbn-resolving.org/urn:nbn:de:bsz:14-qucosa2-733794 |x Verlag |z kostenfrei |3 Volltext |7 0 |
| 951 | |a AR | ||
| ELC | |a 1 | ||
| LOK | |0 000 xxxxxcx a22 zn 4500 | ||
| LOK | |0 001 4236033844 | ||
| LOK | |0 003 DE-627 | ||
| LOK | |0 004 1828158070 | ||
| LOK | |0 005 20221220171046 | ||
| LOK | |0 008 221220||||||||||||||||ger||||||| | ||
| LOK | |0 040 |a DE-Tue135 |c DE-627 |d DE-Tue135 | ||
| LOK | |0 092 |o n | ||
| LOK | |0 852 |a DE-Tue135 | ||
| LOK | |0 852 1 |9 00 | ||
| LOK | |0 935 |a ixzs |a ixzo |a rwrk | ||
| LOK | |0 939 |a 20-12-22 |b l01 | ||
| OAS | |a 1 | ||
| ORI | |a SA-MARC-ixtheoa001.raw | ||
| REL | |a 1 | ||
| STA | 0 | 0 | |a Antisemitism,Antisemitism,Antisemitism in art,Book review,Review of a publication,Book reviewing,Ethics,Ethics,Moral philosophy,Philosophical Ethics,Ethics,Philosophy,Philosophy in literature |
| STB | 0 | 0 | |a Antisémitisme,Antisémitisme,Compte-rendu de lecture,Critique,Critique,Livres,Philosophie,Philosophie,Éthique,Éthique,Morale,Morale,Morale |
| STC | 0 | 0 | |a Antisemitismo,Antisemitismo,Filosofía,Filosofía,Reseña,Ética,Ética,Ética moderna |
| STD | 0 | 0 | |a Antisemitismo,Antisemitismo,Etica,Etica,Filosofia,Filosofia,Recensione |
| STE | 0 | 0 | |a 书评,伦理学,道德哲学,道德学,反犹太主义,反犹太主义,哲学 |
| STF | 0 | 0 | |a 倫理學,道德哲學,道德學,反猶太主義,反猶太主義,哲學,書評 |
| STG | 0 | 0 | |a Antissemitismo,Antissemitismo,Filosofia,Filosofia,Resenha,Ética,Ética |
| STH | 0 | 0 | |a Антисемитизм (мотив),Антисемитизм,Рецензия,Философия (мотив),Философия,Этика (мотив),Этика |
| STI | 0 | 0 | |a Αντισημιτισμός (μοτίβο),Αντισημιτισμός,Ηθική (μοτίβο),Ηθική,Κριτική,Βιβλιοκριτική,Φιλοσοφία (μοτίβο),Φιλοσοφία |
| SUB | |a REL | ||
| SYE | 0 | 0 | |a Judenfeindschaft,Judenhass,Judenfeindschaft,Judenhass , Ethics,Moral,Morality,Moralphilosophie,Tugend,Wertethik,Ethische Theorie,Moral,Philosophische Ethik,Sittenlehre,Moralphilosophie , Philosophy,Philosophieren , Buchbesprechung,Buchrezension,Buchkritik |



